000 00291nam a22001337a 4500
008 170821b xxu||||| |||| 00| 0 eng d
020 _a9781439049372
041 _aeng
080 _27 ED
_a51
100 _a51
101 _aMAT
245 _aCOLLEGE ALGEBRA
_cBARKER.A
942 _2udc
_cBK
999 _c24242
_d24242